|
|
|
|
| LEADER |
01296nam a2200361 4500 |
| 001 |
on1008569474 |
| 003 |
OCoLC |
| 005 |
20180501122038.0 |
| 006 |
m o d |
| 007 |
cr un|---auuuu |
| 008 |
171030s2017 ne o 001 0 eng d |
| 040 |
|
|
|a OPELS
|b eng
|e rda
|e pn
|c OPELS
|d UPM
|d GrThAP
|
| 020 |
|
|
|a 9780128123942
|q (print)
|
| 035 |
|
|
|a (OCoLC)1008569474
|
| 050 |
|
4 |
|a QL638.9
|
| 082 |
0 |
4 |
|a 597.317745
|2 23
|
| 049 |
|
|
|a TEFA
|
| 245 |
0 |
0 |
|a Northeast Pacific shark biology, research and conservation.
|n Part B /
|c volume editor, Shawn E. Larson, Dayv Lowry.
|
| 264 |
|
1 |
|a Amsterdam :
|b Academic Press,
|c 2017.
|
| 300 |
|
|
|a 1 online resource.
|
| 336 |
|
|
|a text
|2 rdacontent
|
| 337 |
|
|
|a computer
|2 rdamedia
|
| 338 |
|
|
|a online resource
|2 rdacarrier
|
| 490 |
1 |
|
|a Advances in marine biology ;
|v 78
|
| 500 |
|
|
|a Includes index.
|
| 588 |
0 |
|
|a Online resource; title from PDF title page (ScienceDirect, viewed October 30, 2017).
|
| 650 |
|
0 |
|a Sharks
|z North Pacific Ocean.
|
| 650 |
|
0 |
|a Sharks
|x Conservation
|z North Pacific Ocean.
|
| 655 |
|
4 |
|a Electronic books.
|
| 700 |
1 |
|
|a Larson, Shawn E.,
|e editor.
|
| 700 |
1 |
|
|a Lowry, Dayv
|e editor.
|
| 830 |
|
0 |
|a Advances in marine biology ;
|v 78.
|
| 856 |
4 |
0 |
|u https://www.sciencedirect.com/science/bookseries/00652881/78
|z Full Text via HEAL-Link
|